| 000 | 00944nas a2200313 4500 | ||
|---|---|---|---|
| 001 | BR9900467 | ||
| 003 | BR-BrBNA | ||
| 005 | 20231205101213.0 | ||
| 007 | ta | ||
| 008 | 230509b bl.|||p| |||| 00| 00por d | ||
| 040 |
_aBR-BrBNA _bpor _cBiblioteca Nacional de Agricultura |
||
| 041 | _a(Pt) | ||
| 072 | _aL01 | ||
| 100 | 1 | _aFonseca, D.M. da | |
| 100 | 1 | _aSalgado, L.T. | |
| 100 | 1 | _aQueiroz, D.S. | |
| 100 | 1 | _aCoser, A.C. | |
| 100 | 1 | _aMartins, C.E. | |
| 100 | 1 | _aBonjour, S.C. de M. | |
| 245 | 1 | _aProducao de leite em pastagem de capim-elefante sob diferentes periodos de ocupacao dos piquetes | |
| 650 | _aVaca Leiteira | ||
| 650 | _aForragem | ||
| 650 | _aCapim Elefante | ||
| 650 | _aComposicao Quimica | ||
| 650 | _aPastagem | ||
| 773 | 0 |
_tRevista Brasileira de Zootecnia (Brazil) _xISSN 0100-4859 _g(Sep-Oct 1998), v. 27(5) p. 848-856 _wBR9900467 |
|
| 909 |
_a202311 _bLúcia _c55 _dLúcia Elande |
||
| 942 |
_2AGRIS _n0 _cANA |
||
| 999 |
_c160402 _d160402 |
||